Countries where driving is on the left side of the road - Statistics

General Stats
  • This quiz has been taken 26 times
  • The average score is 31 of 48
Answer Stats
Answer % Correct
Ireland
91%
South Africa
91%
United Kingdom
91%
Australia
86%
Indonesia
86%
Japan
86%
Malta
86%
New Zealand
86%
India
82%
Malaysia
82%
Brunei
77%
Cyprus
77%
Fiji
77%
Singapore
77%
Jamaica
73%
Kenya
73%
Saint Lucia
73%
Thailand
73%
Zimbabwe
73%
Antigua and Barbuda
68%
Bahamas
68%
Bangladesh
68%
Bhutan
68%
Botswana
68%
Eswatini
68%
Lesotho
68%
Pakistan
68%
Papua New Guinea
68%
Zambia
68%
Nepal
64%
Saint Kitts and Nevis
64%
Solomon Islands
64%
Sri Lanka
64%
Tanzania
64%
Barbados
59%
Timor-Leste
59%
Grenada
55%
Trinidad and Tobago
55%
Samoa
50%
Tonga
45%
Uganda
45%
Guyana
41%
Malawi
41%
Hong Kong
32%
Seychelles
32%
Suriname
32%
Mauritius
27%
Macau
23%
No matching quizzes found
Score Distribution
Percent of People with Each Score
Percentile by Number Answered
Your Score History
You have not taken this quiz